Rozpoznaj aktorki i aktorów po zdjęciu #3 - Statystyki

Ogólne statystyki
  • Ten quiz został rozwiązany 370 razy
  • Średni wynik to 10 z 16
Statystyki odpowiedzi
Obrazkowy Odpowiedź % Poprawnych
Bogusław Linda
86%
Bruce Lee
86%
Sylvester Stallone
83%
Morgan Freeman
79%
Piotr Fronczewski
77%
Angelina Jolie
74%
Małgorzata Socha
69%
Jenna Ortega
63%
Antonio Banderas
61%
Mel Gibson
53%
Nicole Kidman
51%
Sean Connery
50%
Wiktoria Gąsiewska
49%
Jacek Braciak
47%
Woody Allen
41%
Mirosław Zbrojewicz
31%
Nie znaleziono quizów pasujących do podanych kryteriów
Rozkład punktacji
Procent ludzi z każdym wynikiem
Percentyl według liczby udzielonych odpowiedzi
Twoja historia wyników
Nie rozwiązałeś tego quizu